Регионална библиотека "Любен Каравелов" - Русе

Вълчият талисман (Запис номер 8489)

MARC детайли
000 -Лидер
Контролно поле с фиксирана дължина 01230nam a2200313 c 4500
003 - Код на организацията, давaща контролен номер
Контролно поле BLK
005 - Дата и час на последна редакция
Контролно поле 20180420214327.0
008 - Елементи от данни с фиксирана дължина
fixed length control field 180412b bul|||||r ||||||| ||bul||
010 ## - Наследен системен номер
LC control number KNG00009837000
040 ## - Източник на каталожния запис
Идентификатор на билиотеката - собственик на записа BLK
041 ## - Код за език
Код за езика на текст/звукозапис или на отделно заглавие Български
Код за езика КДБФ Български
080 ## - УДК
Текстов определител УДК Американска литература (на САЩ)
УДК код - определител по УДК 821.111(73)
УДК определител -31
УДК - код + определител 821.111(73)-31
100 1# - Редна дума - Автор
Автор Гиър, У. Майкъл
Авторска отговорност първи автор
R(LIN) 252744
139 ## - Редно поле
Редна дума Гиър, У. Майкъл и др.
Авторски знак Гич - Г 51
245 10 - Сведения за заглавието
Заглавие Вълчият талисман
Подзаглавни данни Роман
Редно поле (дума) У. Майкъл Гиър; съавт. Катлийн О'Нийл Гиър; прев. от англ. Живко Тодоров.
257 ## - Страна на издаване
Страна на създаване/издаване Съединени американски щати
260 ## - Област на издателските данни
-- София
Име на издателя, разпространителя и проч. Плеяда
Година на издаване 1995
Печатница Враца : Полипринт
300 ## - Физическа характеристика
Страници 317 с.
Размери/Мащаб 20 см
380 ## - Жанр
Жанр Худож. лит.
490 1# - СЕРИИ (Колекции)
Име на серия Хората на земята
№: серия кн. 2
500 ## - Общи забележки
Забележка Без сведение за ориг. загл.
700 1# - Други автори (авторска отговорност)
Лично име Гиър, Катлийн О'Нийл
Автороска отговорност (Описва отношението между автора и произведението) съавт.
9 (RLIN) 252745
700 1# - Други автори (авторска отговорност)
Лично име Тодоров, Живко
Автороска отговорност (Описва отношението между автора и произведението) прев. от англ.
9 (RLIN) 253550
852 ## - Местоположение
Форматна сигнатура Цб 183923
856 4# - Електронен адрес и достъп
Електронен формат pdf - файл
Път до файла /url/
856 4# - Електронен адрес и достъп
Електронен формат pdf - файл
Път до файла /url/
942 ## - АРТИКУЛИ
Вид на библиотечния материал Книги
Скрит в OPAC Не
944 ## - СЪЗДАВАНЕ И РЕДАКЦИЯ на ЗАПИСА
Създаване/Редакция Създаване
Дата на регистрацията/редакция 15.01.2003
Служител, извършил регистрацията/редакцията AB_DOS
944 ## - СЪЗДАВАНЕ И РЕДАКЦИЯ на ЗАПИСА
Създаване/Редакция Редакция
Дата на регистрацията/редакция 19.09.2017
Служител, извършил регистрацията/редакцията Ива_Цветкова
999 ## - СИСТЕМНИ КОНТРОЛНИ НОМЕРА
Koha biblionumber 8489
Koha biblioitemnumber 8489
Наличности
Код за отписване Код за изгубен артикул Източник на класификационната схема Код за повреда Коз за рестрикции Код за отдаване Артикулен № Име на библиотеката - собственик Име на библиотеката, в която се намира в момента Статус (Текущо местоположение) Дата на вписване в системата Местоположение - отдел Цена в лева Инвентарен номер Систематично азбучна сигнатура Баркод Номер на екземпляра Цена в евро Служебна бележка Служебен тип на артикула Бележка за публиката
Изтеглен Не е изгубен Universal Decimal Classification Не е повреден без рестрикции заемане за дома 14706 Регионална библиотека "Любен Каравелов" Русе Регионална библиотека "Любен Каравелов" Русе Заемна - подръчен фонд 2001-01-01 Заемна - подръчен фонд 1.17 616535 П 820(73)-31/Г 51 616535 1 0.60 Дост: Pk Вид: Ф N: стар фонд Дата: 01.01.1995 Книги  
Изтеглен Не е изгубен   Не е повреден без рестрикции заемане за дома 14707 Регионална библиотека "Любен Каравелов" Русе Регионална библиотека "Любен Каравелов" Русе   2001-01-01 Детски отдел 1.17 616335 ДХ 820/899/Г 51 616335 2 0.60 Дост: Pk Вид: Ф N: стар фонд Дата: 01.01.1995 Дата инв: 08.09.2015 Бележки инв: Д2015 Книги Отч.N: 33/2017 , Дата: 04.09.2017
Изтеглен Не е изгубен   Не е повреден без рестрикции заемане за дома 14708 Регионална библиотека "Любен Каравелов" Русе Регионална библиотека "Любен Каравелов" Русе   1995-01-01 Детски отдел 1.17 616336 ДХ 820/899/Г 51 616336 3 0.60 Дост: Pk Вид: Ф N: стар фонд Дата: 01.01.1995 Дата инв: 08.09.2015 Бележки инв: Д2015 Книги Отч.N: 37/17 , Дата: 06.09.2017
Изтеглен Не е изгубен   Не е повреден без рестрикции заемане за дома 14709 Регионална библиотека "Любен Каравелов" Русе Регионална библиотека "Любен Каравелов" Русе Детски отдел 1995-01-01 Детски отдел 1.17 616337 ДХ 820/899/Г 51 616337 4 0.60 Дост: Pk Вид: Ф N: стар фонд Дата: 01.01.1995 Дата инв: 08.09.2015 Бележки инв: Д2015 Книги  
  Не е изгубен Universal Decimal Classification Не е повреден без рестрикции ползва се в читалня 14710 Регионална библиотека "Любен Каравелов" Русе Регионална библиотека "Любен Каравелов" Русе Хранилище 1995-01-01 Хранилище 1.17 618460 Цб 183923 120000618460 5 0.60 Дост: Dp Вид: Д N: 46 Дата: 01.01.1995 Дата инв: 04.09.2014 Бележки инв: Цб2014 Книги  
Vip Innovations Ltd, Rousse, Bulgaria 2025